00857cam a2200289 a 45000010005000000030006000050050017000110080041000280100017000690200017000860200018001030400023001210500014001440820009001581000022001672450081001892600035002703000047003054400027003525050007003795200064003865210019004505210018004696500026004876500022005137000032005354342FISKH20250807154413.0910506s1992 nyua j 000 1 eng  a 91016695  a0590449486 : a9780590449489 aDLCcDLCdDLCbeng aPZ8.M127  a468 1 aMaccarone, Grace.10aItchy, itchy chicken pox /cby Grace Maccarone ; illustrated by Betsy Lewin. aNew York :bScholastic,c1992. a30 pages : bcolor illustrations ; c23 cm 0aHello reader!nLevel 1 aE  aPeppy rhymes present the humorous side to a common ailment.8 a280 bLexile 8 aE bRaz-Plus  1aChicken poxxFiction. 1aStories in rhyme.1 aLewin, Betsy,eillustrator